LEADER 01363nam a2200265 i 4500 001 000000351542 003 CaOOAMICUS 005 20221005100802.0 008 220913s1984 it u000 u ita u 020 $a88-01-00535-0 040 $aSeMil$bita 110 0 $aConferenza Episcopale Italiana : Segreteria generale.$0(OLS)http://semarc/name/22758 245 10$aRiconciliazione cristiana e comunità degli uomini :$bConvegno ecclesiale Indicazioni per un cammino di Chiesa /$cConferenza Episcopale Italiana: Segreteria generale. 264 1$aLeumann (Torino) :$bElle Di Ci,$c1984. 300 $a31 p. ;$c19 cm 490 0 $aVita della Chiesa ;$v35 650 4$aRiconciliazione - Meditazioni.$0(OLS)http://semarc/subject/22463 711 2 $aConvegno Ecclesiale Nazionale <2. ; 1985 ; Loreto>.$0(OLS)http://semarc/name/63442 830 0$aVita della Chiesa ;$v35.$0(OLS)http://semarc/title/32781 850 $aSeMil 852 $aSeMil$W1$xVenegono$y1$m5B III 64/4$j234454$B242739$CSeMilBibl$Z2$F242739 $81 996 $6020$a88-01-00535-0$9(OLS)http://semarc/number/296678 996 $6245$aRiconciliazione cristiana e comunità degli uomini :$bConvegno ecclesiale Indicazioni per un cammino di Chiesa$9(OLS)http://semarc/title/441338 996 $6264$aLeumann (Torino) :$bElle Di Ci$9(OLS)http://semarc/publisher/29809 LEADER 01056nam a2200277 i 4500 001 000000111648 003 CaOOAMICUS 005 20080725000000.0 008 080725s1983 it u000 u ita u 013 $a84330 040 $aSeMil$bita 100 1 $aMosci, Gastone.$0(OLS)http://semarc/name/46793 245 10$aMounier e Beguin /$cGastone Mosci. 260 $aUrbino :$bQuattroVenti,$c1983. 300 $a123 p. ;$c21 cm. 490 0 $aBiblioteca di Hermeneutica 500 $aFondo Card. C.M. Martini. 600 14$aBéguin, Albert <1901-1957>.$0(OLS)http://semarc/subject/20022 650 4$aMounier, Emmanuel <1905-1950>.$0(OLS)http://semarc/subject/8502 830 0$aBiblioteca di Hermeneutica.$0(OLS)http://semarc/title/11193 850 $aSeMil 852 $aSeMil$W1$xVenegono$y1$m2P II 20$j67469$B67469$CSeMilBibl$Z2$F93840 $81 941 1 $a4 961 $aOmaggio: Martini Card. Carlo Maria 996 $6245$aMounier e Beguin$9(OLS)http://semarc/title/162574 996 $6260$aUrbino :$bQuattroVenti$9(OLS)http://semarc/publisher/31914